000 00577nam a22002057a 4500
003 0
005 20231123130915.0
008 231123b xxu||||| |||| 00| 0 eng d
020 _a978-621-96557-7-4
050 _aKPM 2832
_b.T33 2023
100 _aTabag, Enrico D.
245 _aIncome taxation
_cEnrico D. Tabag
250 _a2023 edition
260 _aQuezon City
_bEDT Book Shop
_cc2023.
300 _axii, 632 pages ;
_c25 cm.
504 _aIncludes bibliographical references.
650 _aIncome tax--Philippines.
650 _aTaxation.
942 _2lcc
_cBK
999 _c365665
_d365665